00530nam a22001937a 4500003000500000005001700005008004100022010001000063011001000073035001000083040000900093082001400102111009200116245001400208260002800222300002900250650002900279650002800308CHAP20220329140739.0971013s r 10010 d a56961 a57933 a62088 cCHAP a641.1bS900aSymposium on Food Industry Wastesc: Disposal and Recovery (d1980c: Norfolk, England) aPreprints a(s.l. :bs.e.),c(s.a.) as.p.b: ilus. ; gráfs.14aAlimentosxSubproductos.14aIndustrias agrícolas.